Rozpoznaj polską diecezję po zdjęciu katedry - Statystyki

Ogólne statystyki
  • Ten quiz został rozwiązany 8 razy
  • Średni wynik to 11 z 41
Statystyki odpowiedzi
Obrazkowy Odpowiedź % Poprawnych
Wrocławska
80%
Bielsko - Żywiecka
60%
Krakowska
60%
Łódzka
60%
Lubelska
60%
Świdnicka
60%
Białostocka
40%
Bydgoska
40%
Gdańska
40%
Katowicka
40%
Kielecka
40%
Poznańska
40%
Przemyska
40%
Rzeszowska
40%
Szczecińsko - Kamieńska
40%
Toruńska
40%
Warmińska
40%
Warszawsko - Praska
40%
Zielonogórsko - Gorzowska
40%
Częstochowska
20%
Drohiczyńska
20%
Ełcka
20%
Gliwicka
20%
Gnieźnieńska
20%
Kaliska
20%
Legnicka
20%
Opolska
20%
Płocka
20%
Radomska
20%
Siedlecka
20%
Elbląska
0%
Koszalińsko - Kołobrzeska
0%
Łomżyńska
0%
Łowicka
0%
Pelplińska
0%
Sandomierska
0%
Sosnowiecka
0%
Tarnowska
0%
Warszawska
0%
Włocławska
0%
Zamojsko - Lubaczowska
0%
Nie znaleziono quizów pasujących do podanych kryteriów
Rozkład punktacji
Procent ludzi z każdym wynikiem
Percentyl według liczby udzielonych odpowiedzi
Twoja historia wyników
Nie rozwiązałeś tego quizu